| 000 | 00820nam a2200217Ii 4500 | ||
|---|---|---|---|
| 003 | JO-AjNU | ||
| 008 | 230605s9999||||xx |||||||||||||| ||und|| | ||
| 020 | _a9953-36-871-6 | ||
| 040 |
_aJO-AjNU _bara _erda _cJO-AjNU |
||
| 041 | _aara | ||
| 050 | 1 | 4 | _aPJ7519.L6.J38 2006 |
| 100 | 3 |
_aالجواري، أحمد عبد الستار, _eauthor _924191 |
|
| 245 | 0 | 0 | _aالحب العذري: نشأته وتطوره |
| 250 | _aط1 | ||
| 264 | 3 | 1 | _aبيروت: المؤسسة العربية للدراسات والنشر،2006 ؛ عمان: دار الفارس للنشر والتوزيع، 2006 |
| 300 | _a246ص | ||
| 336 |
_atext _btxt _2rdacontent |
||
| 337 |
_aunmediated _bn _2rdamedia |
||
| 338 |
_avolume _bnc _2rdacarrier |
||
| 650 | 4 |
_aالأدب العربي - تاريخ ونقد - الحب العذري _924192 |
|
| 999 |
_aA8868 _c12436 _d12436 |
||